Teachers' conditions of employment : a study in the politics of school management /

Hlavní autor: Busher, Hugh
Korporativní autor: University of London. Institute of Education
Další autoři: Saran, Rene
Jazyk: Angličtina
Vydáno: London : Kogan Page, 1992
Vydání: 1st publ.
Edice: Bedford way series
Témata:
Fyzický popis: vii, 101 s. ; 22 cm
Knihy
Uloženo v:
LEADER 01013nam a2200313 a 4500
001 000601063
003 CZ BrMZK
005 20070803135910.0
007 ta
008 020517s1992 xxk f 000 0 eng d
020 |a 0-7494-0876-6 
040 |a BOA001  |b cze 
080 |a 37.07  |2 MRF 
080 |a (048.8)  |2 MRF 
100 1 |a Busher, Hugh  |4 aut 
245 1 0 |a Teachers' conditions of employment :  |b a study in the politics of school management /  |c Hugh Busher and Rene Saran 
250 |a 1st publ. 
260 |a London :  |b Kogan Page,  |c 1992 
300 |a vii, 101 s. ;  |c 22 cm 
490 1 |a Bedford way series 
504 |a Obsahuje bibliografii 
650 0 7 |a školy  |7 ph116830  |x řízení  |2 czenas 
655 7 |a studie  |7 fd133597  |2 czenas 
700 1 |a Saran, Rene  |4 aut 
710 2 |a University of London.  |b Institute of Education 
830 0 |a Bedford way series 
910 |a BOA001  |b 2-1103.362 
990 |a BK 
996 7 |b 2610161523  |c 2-1103.362  |l MZK  |r Sklad / do 1 hodiny  |n 0  |p dar  |w 000601063  |u 000010  |a 1  |e BOA001  |j MZK50  |s A